[Event "GER-ch Net final U18"]
[Site "Playchess.com INT"]
[Date "2008.06.15"]
[Round "5"]
[White "Dinger, Florian"]
[Black "Meissner, Felix"]
[Result "1-0"]
[WhiteElo "2351"]
[BlackElo "2047"]
[PlyCount "55"]
[EventDate "2008.06.15"]
[EventType "swiss (blitz)"]
[EventRounds "9"]
[EventCountry "GER"]
[SourceTitle "CBM 124 Extra"]
[Source "ChessBase"]
[SourceDate "2008.07.03"]
[SourceVersion "1"]
[SourceVersionDate "2008.07.03"]
[SourceQuality "1"]

1. e4 c5 2. Nf3 d6 3. d4 cxd4 4. Nxd4 Nf6 5. Nc3 a6 6. Be3 e5 7. Nb3 Be6 8. f4 Ng4 9. Qf3 Nxe3 10. Qxe3 Be7 11. f5 Bd7 12. Qd3 Bg5 13. Qxd6 Nc6 14. Nd5 Rc8 15. Rd1 Bh6 16. g3 Bxf5 17. Qxd8+ Nxd8 18. exf5 Rxc2 19. Bd3 Rxb2 20. 0-0 Rxa2 21. Ra1 Rxa1 22. Rxa1 0-0 23. Nc5 f6 24. Bc4 Kh8 25. Ne6 Nxe6 26. fxe6 f5 27. Nc7 Rc8 28. e7 1-0